000 00405nam a2200169Ia 4500
008 230524s9999 xx 000 0 und d
020 _a9788184957686
082 _bCAL
100 _aLeigh Caldwell
_941745
245 4 _aThe Psychology of Price
250 _a1
260 _aNew Delhi
_bJaico
_c2015
300 _a233p;
500 _aQuantity Number: 1
650 _aMisalliance
_941746
942 _cBK
999 _c56196
_d56196